000 00850nam a2200301Ia 4500
001 365279
003 EC-QuCCB
007 ta
008 130917s1996 ec a jr 000 jdspa d
020 _a9978-80-368-8
040 _aEC-QuCCB
041 _aspa
082 _aI Ec863
_bD3521
100 1 _92172
_aDelgado Santos, Francisco,
_d1950-
245 1 0 _aCuando atacan los monstruos
_cFrancisco Delgado Santos
260 _aQuito, Ecuador :
_bLibresa,
_c1996
300 _a24 páginas :
_bilustraciones ;
_c21 cm
336 _atexto
_btxt
337 _ano mediado
_bn
338 _avolumen
_bnc
490 0 _aGarabato
521 _aNiños de 10 a 12 años
590 _acam
650 4 _aCuentos infantiles ecuatorianos
_911844
650 4 _aLiteratura infantil ecuatoriana
_913897
942 _2ddc
_cBK
999 _c11668
_d11668